| 000 | 00000nas##2200000za#4500 |
| 001 | 9.508584 |
| 003 | CaOODSP |
| 005 | 20200325101155 |
| 007 | ta |
| 008 | 150406c1995||||xxc|| p #||||f| |0eng|d |
| 022 | |a1483-2852 |
| 040 | |aCaOODSP|beng |
| 041 | |aeng |
| 041 | |afre |
| 043 | |an-cn--- |
| 086 | 1 |aMP32-27 |
| 110 | 1 |aCanada.|bHuman Resources Development Canada. |bApplied Research Branch. |
| 245 | 10|aApplied research bulletin |
| 260 | |aOttawa - Ontario : |bHuman Resources Development Canada. |
| 310 | |aQuarterly |
| 500 | |a"The Applied Research Bulletin is a Human Resources Development Canada document summarizing recent work of a research or analytical nature carried out under the auspices of the Applied Research Branch, Strategic Policy." |
| 520 | 3 |aThe Applied Research Bulletin is a Human Resources Development Canada document summarizing recent work of a research or analytical nature carried out under the auspices of the Applied Research Branch, Strategic Policy |
| 546 | |aBilingual |
| 776 | 0#|tLa recherche appliquée |w(CaOODSP)9.503556 |
| 776 | 0#|tApplied research bulletin |w(CaOODSP)9.507166 |
| 792 | |tLa recherche appliquée |efre|w(CaOODSP)9.508585 |